| 000 | 00598nam a2200205Ia 4500 | ||
|---|---|---|---|
| 008 | 160319s9999 xx 000 0 und d | ||
| 245 | _aBeauty and the beast : | ||
| 245 | _boriginal motion picture soundtrack / | ||
| 245 | _cmusic by Alan Menken ; lyrics by Howard Ashman. | ||
| 260 | _aBurbank, CA : | ||
| 260 | _bWalt Disney Records, | ||
| 260 | _c1991 | ||
| 300 | _a1 sound disc (50 min., 11 sec.) : | ||
| 300 | _bdigital ; | ||
| 300 | _c4 3/4 in. | ||
| 650 | _aAnimated film music. | ||
| 650 | _aMusicals. | ||
| 650 | _aPopular music -- 1991-2000. | ||
| 650 | _aPopular music. | ||
| 999 |
_c292679 _d292679 |
||